Informe de extensión docente. Mercadotecnia estratégica y operativa industrial en Imprenta LIL S. A.

Na minha lista:
Detalhes bibliográficos
Autor principal: Caldwell, Eldon
Outros Autores: Castro, Armando
Formato: Livro
Publicado em: San José, Costa Rica : Universidad de Costa Rica, Facultad de Ingeniería, Escuela de Ingeniería Industrial 2001
Tags: Adicionar Tag
Sem tags, seja o primeiro a adicionar uma tag!

MARC

LEADER 00000nam a2200000Ia 4500
003 PI0113
005 20240429093137.0
008 140116s2001 CR a 000 ||S d
040 |c cru CEDI 
090 |a PI-113 
100 |a Caldwell, Eldon  |9 14836 
245 |a Informe de extensión docente. Mercadotecnia estratégica y operativa industrial en Imprenta LIL S. A. 
260 |a San José, Costa Rica : Universidad de Costa Rica, Facultad de Ingeniería, Escuela de Ingeniería Industrial  |c 2001 
300 |a 2[8]hojas  
500 |a A la cabeza de la portada: Universidad de Costa Rica. Facultad de Ingeniería. Escuela de Ingeniería Industrial. Programa de Investigación en Ingeniería Industrial (PROIDII). Sede de Occidente 
700 |9 14837  |a Castro, Armando  
942 |c PI  |h PI-113  |i PI0113  |6 PI_113_PI0113 
999 |c 21265  |d 21265